000 00263 a2200085 4500
245 0 0 _aWymiary lamp elektronowych - Zarysy lamp z cokoĊ‚em typu Nowal PN-T-06400-59 /
_cPKN.
246 1 3 _aPN-T-06400-59
260 _aWarszawa :
_bPKN,
_c1994.
300 _a4 stron ;
_c30 cm.
650 _aPolska norma
999 _c20893
_d20893